| 000 | 00675nam a22001937a 4500 | ||
|---|---|---|---|
| 005 | 20100806163143.0 | ||
| 010 | _aENG-98620 | ||
| 020 |
_a9788180160691 _c50.00 |
||
| 035 | _aEN-82153 | ||
| 037 | _bDBAD/PUB | ||
| 082 | _a005.13 | ||
| 100 |
_aThirumaran, J. _98650 |
||
| 245 |
_aC aptitude / _cby J. Thirumaran |
||
| 260 |
_aCoimbatore _bTeachers Publishing House _c2008 |
||
| 270 |
_aNew No. 531, Avinashi Road, Peelamedu, _bCoimbatore _e641004 |
||
| 300 |
_a156p. _c21cm (pbk) |
||
| 942 |
_2ddc _cEN _h005.13 _mTHI |
||
| 999 |
_c39920 _d39920 |
||